Statistics for Lucknow by Picture

Click here to take the quiz!

General Stats

  • This quiz has been taken 4 times
  • The average score is 9 of 14

Answer Stats

Answer% Correct
Ekana Stadium
100%
Ghanta Ghar
100%
Ambedkar Memorial Park
75%
Chota Imambara
75%
La Martiniere School
75%
Railway Station
75%
River Front
75%
University of Lucknow
75%
Vidhan Sabha
75%
Amity University
50%
Bara Imambara
50%
Residency
50%
Roomi Darwaja
50%
Gomti Nagar
0%

Score Distribution

Percentile by Number Answered

Percent of People with Each Score

Your Score History

You have not taken this quiz